| 000 | 00580cam a22001577a 4500 | ||
|---|---|---|---|
| 008 | 180718b2003 xxu||||| |||| 00| 0 eng d | ||
| 082 | _aR17x54 Z89 | ||
| 245 |
_aChild labour labour rehabilitation in India _cedited by Bupinder Zutshi and Mondira Dutta |
||
| 260 |
_aNew DElhi _bBhavna books _c2003 |
||
| 300 | _a257p. | ||
| 650 | _aChildren -- Rehabilitation -- India -- Congresses | ||
| 650 | _aChild welfare -- India -- Congresses | ||
| 650 | _aChild labor -- India -- Congresses | ||
| 650 | _aEducation -- India -- Congresses | ||
| 700 | _aZutshi, Bupinder and Dutta, Mondira | ||
| 999 |
_c444408 _d444408 |
||